Statistics for Born Here on This Date #2

Click here to take the quiz!

General Stats

  • This quiz has been taken 20,111 times
  • The average score is 12 of 24

Answer Stats

Time and PlacePerson% Correct
≈ 570 - MeccaMuhammad
89%
356 BC - Pella, MacedonAlexander the Great
81%
1732 - Westmoreland County,
Virginia
George Washington
81%
69 BC - Alexandria, EgyptCleopatra
80%
1756 - Salzburg, AustriaWolfgang Amadeus Mozart
76%
1961 - HonoluluBarack Obama
71%
≈ 563 BC - Kapilavastu, NepalBuddha
66%
1942 - LiverpoolPaul McCartney
66%
1451 - Genoa, ItalyChristopher Columbus
64%
1929 - AtlantaMartin Luther King, Jr.
56%
1946 - Hope, ArkansasBill Clinton
53%
≈ 1027 - Falaise, NormandyWilliam the Conqueror
53%
1994 - London, OntarioJustin Bieber
51%
≈ 1254 - VeniceMarco Polo
48%
1863 - Dearborn, MichiganHenry Ford
39%
1977 - Barranquilla, ColombiaShakira
36%
1878 - Gori, GeorgiaJoseph Stalin
34%
1957 - RiyadhOsama bin Laden
28%
1879 - Ulm, GermanyAlbert Einstein
26%
1984 - Akron, OhioLebron James
26%
1961 - Sandringham, Norfolk,
England
Princess Diana
26%
1967 - Aberdeen, WashingtonKurt Cobain
23%
1847 - Milan, OhioThomas Edison
19%
1936 - Buenos AiresPope Francis
11%

Score Distribution

Percentile by Number Answered

Percent of People with Each Score

Your Score History

You have not taken this quiz